[Event "CZE-ch"]
[Site "Olomouc"]
[Date "1995.??.??"]
[Round "?"]
[White "Neumann, Peter"]
[Black "Cech, Pavel"]
[Result "1/2-1/2"]
[WhiteElo "2145"]
[BlackElo "2360"]

1.d4 d5 2.c4 e6 3.Nf3 Nf6 4.Nc3 Be7 5.Bf4 O-O 6.e3 Nbd7 7.a3 c6 8.Qc2 Re8
9.Rd1 Nf8 10.Bd3 dxc4 11.Bxc4 b5 12.Be2 Bb7 13.O-O Qb6 14.Ne5 a6 15.Qb3 Nd5
16.Nxd5 cxd5 17.Bh5 Ng6 18.Nxg6 hxg6 19.Be2 b4 20.axb4 Qxb4 21.Qxb4 Bxb4
22.Ra1 Rec8 23.Rfc1 a5 24.Kf1 Rxc1+ 25.Rxc1 Rc8 26.Rxc8+ Bxc8 27.Bb5 Kf8
28.Ke2 Ke7 29.b3  1/2-1/2

[Event "Orel"]
[Site "Orel"]
[Date "1995.??.??"]
[Round "7"]
[White "Iskusnyh, Sergei"]
[Black "Pushkov, Nikolai"]
[Result "0-1"]
[WhiteElo "2425"]
[BlackElo "2505"]

1.d4 d5 2.c4 e6 3.Nc3 Be7 4.Nf3 Nf6 5.Bf4 O-O 6.e3 b6 7.Qc2 Bb7 8.cxd5 Nxd5
9.Nxd5 Qxd5 10.Bd3 c5 11.dxc5 h6 12.cxb6 Qa5+ 13.Ke2 Rc8 14.Qb3 Na6 15.Rhc1 axb6
16.Qb5 Qxb5 17.Bxb5 Bf6 18.Ne5 Rc5 19.Rxc5 Nxc5 20.a3 g5 21.Bg3 Ra5 22.Bc4 Na4
23.b3 Nc3+ 24.Kd3 Rxe5 25.Bxe5 Bxe5 26.Rc1 Be4+ 27.Kd2 Nb1+ 28.Ke2 Nxa3 29.Bd3 Bxg2
30.f4 gxf4 31.exf4 Bd4 32.Rc7 Bd5 33.Ra7 Bc5  0-1

[Event "Orel"]
[Site "Orel"]
[Date "1995.??.??"]
[Round "9"]
[White "Tunik, Gennady"]
[Black "Pushkov, Nikolai"]
[Result "1/2-1/2"]
[WhiteElo "2530"]
[BlackElo "2505"]

1.d4 Nf6 2.c4 e6 3.Nc3 Be7 4.Nf3 d5 5.Bf4 O-O 6.e3 b6 7.Be2 dxc4 8.Bxc4 Bb7
9.O-O a6 10.Qe2 b5 11.Bd3 c5 12.dxc5 Nbd7 13.Rfd1 Qe8 14.Bc2 Nxc5 15.a3 Rd8
16.Ne5 Rxd1+ 17.Rxd1 Qa8 18.f3 Rd8 19.e4 Rxd1+ 20.Qxd1 Qc8 21.Nd3 Nxd3  1/2-1/2

[Event "Osterskars op"]
[Site "Osterskars"]
[Date "1995.??.??"]
[Round "8"]
[White "Ornstein, Axel"]
[Black "Vilar Lopez, Monica"]
[Result "1-0"]
[WhiteElo "2450"]
[BlackElo "2130"]

1.d4 d5 2.c4 e6 3.Nc3 Nf6 4.Nf3 Be7 5.Bf4 c6 6.e3 O-O 7.Qc2 Nbd7 8.cxd5 exd5
9.Bd3 Re8 10.h3 Nf8 11.O-O-O Be6 12.Kb1 a6 13.g4 Qa5 14.Ng5 c5 15.dxc5 Bxc5
16.Be5 N6d7 17.Bxh7+ Kh8 18.Bd4 Bxd4 19.exd4 g6 20.f4 Qd8 21.h4 Nxh7 22.f5 Nxg5
23.hxg5+ Kg7 24.Qh2 Rh8 25.f6+ Nxf6 26.Qe5 Re8 27.gxf6+ Kg8 28.Qg5 Bxg4 29.Rh8+  1-0

[Event "Pardubice op"]
[Site "Pardubice"]
[Date "1995.??.??"]
[Round "?"]
[White "Stohl, Igor"]
[Black "Gavrilov, Alexei"]
[Result "1/2-1/2"]
[WhiteElo "2525"]
[BlackElo "2405"]

1.d4 e6 2.c4 d5 3.Nc3 Be7 4.Nf3 Nf6 5.Bf4 O-O 6.e3 Nbd7 7.Qc2 c5 8.dxc5 Nxc5
9.Be2 dxc4 10.Bxc4 a6 11.a4 b6 12.O-O Bb7 13.Qe2 Qe8 14.Rfd1 Qc6 15.Qf1 Rfc8
16.Ne5 Qe8 17.h3 Ncd7 18.Nxd7  1/2-1/2

[Event "WchT U26"]
[Site "Parnaiba"]
[Date "1995.??.??"]
[Round "?"]
[White "Toloza, Pablo"]
[Black "David, Rene"]
[Result "1-0"]
[WhiteElo "2235"]
[BlackElo "2235"]

1.d4 d5 2.Nf3 Nf6 3.c4 e6 4.Nc3 Be7 5.Bf4 Nbd7 6.Nb5 e5 7.dxe5 c6 8.exf6 Bb4+
9.Nc3 Qxf6 10.Qd4 Qxd4 11.Nxd4 Nb6 12.cxd5 Nxd5 13.Bd2  1-0

[Event "Portoroz op"]
[Site "Portoroz"]
[Date "1995.??.??"]
[Round "?"]
[White "Psakhis, Lev"]
[Black "Sitnik, Igor"]
[Result "1-0"]
[WhiteElo "2625"]
[BlackElo "2165"]

1.d4 d5 2.c4 e6 3.Nc3 Nf6 4.Nf3 Be7 5.Bf4 O-O 6.e3 c5 7.dxc5 Bxc5 8.a3 Nc6
9.cxd5 exd5 10.Be2 a6 11.Bg5 d4 12.Bxf6 Qxf6 13.Ne4 Qe7 14.Nxc5 Qxc5 15.Nxd4 Rd8
16.Qc2 Qxc2 17.Nxc2 Bf5 18.Rc1 Rac8 19.g4 Bg6 20.f3 Na5 21.e4 f6 22.Rd1 Rxd1+
23.Bxd1 Bf7 24.Ne3 Rc1 25.O-O Rb1 26.b4 Nc6 27.Ba4 Rb2 28.Bxc6 bxc6 29.Rd1 g6
30.Rd3 Kf8 31.h4 Ke7 32.g5 fxg5 33.hxg5 Be6 34.f4 a5 35.bxa5 Rb5 36.a6 Ra5
37.Kf2 Rxa6 38.Kf3 Ra5 39.Ng4 Rc5 40.Ne5 Rc1 41.a4 c5 42.Nc6+ Ke8 43.a5 c4
44.Rd8+ Kf7 45.a6 c3 46.a7 c2 47.Ne5+  1-0

[Event "Radviliskis op"]
[Site "Radviliskis"]
[Date "1995.??.??"]
[Round "7"]
[White "Piesina, Gintautas"]
[Black "Labuckas, Aidas"]
[Result "1-0"]
[WhiteElo "2400"]
[BlackElo "2320"]

1.d4 d5 2.c4 e6 3.Nc3 Be7 4.Nf3 Nf6 5.Bf4 O-O 6.e3 c5 7.dxc5 Bxc5 8.Qc2 Nc6
9.a3 d4 10.O-O-O Qa5 11.exd4 Bxd4 12.Rxd4 e5 13.Rd5 Nxd5 14.cxd5 Nd4 15.Nxd4 exd4
16.Nb5 Qe1+ 17.Qd1 Qe4 18.Qxd4 Qe1+ 19.Qd1 Qe4 20.Bc7 Bf5 21.Nc3 Qe7 22.d6 Qe5
23.Bd3 Bd7 24.Kb1 Rfe8 25.Bc2 b5 26.Qd3 g6 27.Qg3 Qg7 28.Rd1 a5 29.Nd5 Re2
30.Qf3  1-0

[Event "Riga op"]
[Site "Riga"]
[Date "1995.??.??"]
[Round "?"]
[White "Gavrilov, Alexei"]
[Black "Kveinys, Aloyzas"]
[Result "0-1"]
[WhiteElo "2390"]
[BlackElo "2525"]

1.d4 Nf6 2.c4 e6 3.Nf3 d5 4.Nc3 Be7 5.Bf4 O-O 6.e3 c5 7.dxc5 Nc6 8.Be2 Bxc5
9.O-O dxc4 10.Bxc4 a6 11.Qe2 b5 12.Bb3 Bb7 13.Rac1 Qb6 14.Bg5 Be7 15.e4 h6
16.Be3 Qa5 17.Nd2 Rfd8 18.Bc2 Qc7 19.Bb1 Rac8 20.Rfd1 Qb8 21.Bb6 Rd7 22.f3 Bd6
23.g3 Ne5 24.Qf2 b4 25.Ne2 Rxc1 26.Rxc1 Bxe4 27.Bxe4 Nxe4 28.fxe4 Ng4 29.Qd4 e5
30.Ba7 Rxa7 31.Rc8+ Qxc8 32.Qxa7  0-1

[Event "DEN-ch"]
[Site "Ringsted"]
[Date "1995.??.??"]
[Round "3"]
[White "Berg, Klaus"]
[Black "Hoi, Carsten"]
[Result "1/2-1/2"]
[WhiteElo "2420"]
[BlackElo "2415"]

1.d4 d5 2.c4 e6 3.Nc3 Be7 4.Nf3 Nf6 5.Bf4 O-O 6.e3 c6 7.Qc2 Nbd7 8.cxd5 Nxd5
9.Nxd5 exd5 10.Bd3 Nf6 11.O-O Bg4  1/2-1/2

[Event "RLP-ch"]
[Site "Saarburg"]
[Date "1995.??.??"]
[Round "?"]
[White "Schumacher, Olaf"]
[Black "Kargoll, Peter"]
[Result "1-0"]
[WhiteElo "2290"]
[BlackElo "2275"]

1.d4 d5 2.c4 e6 3.Nc3 Nf6 4.Nf3 Be7 5.Bf4 O-O 6.e3 Nbd7 7.c5 Ne4 8.Qc2 Nxc3
9.bxc3 c6 10.Bd3 h6 11.g4 b6 12.cxb6 axb6 13.h4 Ba6 14.Bxa6 Rxa6 15.g5 h5
16.g6 fxg6 17.Qxg6 Rf6 18.Qxh5 Nf8 19.Rg1 Rf5 20.Qg4 Bf6 21.h5 Qe7 22.h6 g6
23.Ne5 g5 24.Qh5 Kh7 25.Nxc6 Qa3 26.Qf7+ Kh8 27.Kf1 Bxd4 28.Qc7 Qxc3 29.Nxd4 Qxa1+
30.Kg2  1-0

[Event "Asia-chT"]
[Site "Singapore"]
[Date "1995.??.??"]
[Round "2"]
[White "Taleb, Moussa"]
[Black "Tsang, Hon Ki"]
[Result "1-0"]
[WhiteElo "2245"]
[BlackElo "2200"]

1.d4 d5 2.Nf3 Nf6 3.c4 e6 4.Nc3 Be7 5.Bf4 O-O 6.e3 b6 7.Bd3 Ba6 8.cxd5 exd5
9.O-O c5 10.Bxa6 Nxa6 11.Qa4 cxd4 12.exd4 Nc7 13.Ne5 Bd6 14.Rfe1 Ne6 15.Bg3 a6
16.Rad1 b5 17.Qb3 Rc8 18.Bh4 g5 19.Bg3 Bb8 20.h4 g4 21.Rd3 Re8 22.a3 Ba7
23.Qd1 h5 24.f3 Qb6 25.Bf2 g3 26.Bxg3 Ng7 27.Qd2 Ne6 28.Bf2 Qd6 29.Qh6 Nc5
30.Qg5+ Kf8  1-0

[Event "St Affrique op"]
[Site "St Affrique"]
[Date "1995.??.??"]
[Round "5"]
[White "Lazarev, Vladimir"]
[Black "Marciano, David"]
[Result "1/2-1/2"]
[WhiteElo "2410"]
[BlackElo "2455"]

1.d4 d5 2.c4 e6 3.Nc3 Be7 4.Nf3 Nf6 5.Bf4 O-O 6.e3 c5 7.dxc5 Bxc5 8.a3 Nc6
9.Qc2 Qa5 10.O-O-O Be7 11.h4 a6 12.g4 dxc4 13.Bxc4 b5 14.g5 bxc4 15.gxf6 Bxf6
16.Ne4 Qf5 17.Nxf6+ Qxf6 18.Ng5 Qf5 19.Bd6 Qxc2+ 20.Kxc2 Re8 21.Kc3 e5 22.Kxc4 f6
23.Ne4 Be6+ 24.Kc3 a5  1/2-1/2

[Event "St Petersburg op"]
[Site "St Petersburg"]
[Date "1995.??.??"]
[Round "2"]
[White "Doroshkievich, Vladimir K"]
[Black "Sirotkina, Nina"]
[Result "1/2-1/2"]
[WhiteElo "2410"]
[BlackElo "2200"]

1.d4 d5 2.c4 e6 3.Nc3 Be7 4.Nf3 Nf6 5.Bf4 O-O 6.e3 b6 7.cxd5 exd5 8.Bb5 c5
9.dxc5 bxc5 10.O-O h6 11.Qe2 a6 12.Ba4 Be6 13.Rfd1 Qb6 14.Be5 Rd8 15.e4 d4
16.Bxf6 Bxf6 17.Nd5 Bxd5 18.exd5 Qd6 19.Rac1 Nd7 20.Bc6 Rab8 21.b3 Nb6 22.Qc2 Be7
23.Re1 Bf8 24.Re5 Nd7 25.Ree1 Nf6 26.Re5 Nd7 27.Ree1 Nf6 28.Re5 Nd7  1/2-1/2

[Event "St Petersburg op"]
[Site "St Petersburg"]
[Date "1995.??.??"]
[Round "3"]
[White "Lugovoi, Aleksei"]
[Black "Klimov, Sergey"]
[Result "1-0"]
[WhiteElo "2485"]
[BlackElo "2235"]

1.d4 d5 2.c4 e6 3.Nf3 Nf6 4.Nc3 Be7 5.Bf4 O-O 6.e3 c5 7.dxc5 Bxc5 8.a3 Nc6
9.cxd5 Nxd5 10.Nxd5 exd5 11.Bd3 Bb6 12.O-O Bg4 13.h3 Bh5 14.b4 Re8 15.Rc1 a6
16.Rc2 d4 17.e4 Bc7 18.Bxc7 Qxc7 19.Rc5 Re5 20.Rxc6 bxc6 21.g4 Bxg4 22.hxg4 Re6
23.e5 Rd8 24.Qe2 a5 25.Qe4 g6 26.Re1 axb4 27.axb4 Re7 28.Qf4 Qb6 29.Kg2 Qxb4
30.Rh1 Kf8 31.Rxh7 Ke8 32.e6  1-0

[Event "St Petersburg-ch"]
[Site "St Petersburg"]
[Date "1995.??.??"]
[Round "6"]
[White "Sakaev, Konstantin"]
[Black "Nepomnishay, Mikhail I"]
[Result "1-0"]
[WhiteElo "2535"]
[BlackElo "2410"]

1.d4 d5 2.c4 e6 3.Nf3 Nf6 4.Nc3 Be7 5.Bf4 O-O 6.e3 c5 7.dxc5 Nc6 8.Be2 Bxc5
9.O-O a6 10.cxd5 exd5 11.Qc2 Be6 12.Rad1 Qa5 13.Bg5 Be7 14.Nd4 h6 15.Bh4 Qb6
16.Nf5 Bd8 17.Bf3 Rc8 18.Bxf6 Bxf6 19.Nxd5 Bxd5 20.Bxd5 Ne5 21.Qe2 Rc5 22.Bb3 Qc7
23.Nd6 Rc6 24.Ne4 Be7 25.Nc3 Bc5 26.Nd5 Qd8 27.f4 Nd7 28.Kh1 Qh4 29.e4 Rg6
30.e5 Re8 31.Qf3 Nf8 32.Nc3 Ne6 33.f5 Ng5 34.Bxf7+ Kxf7 35.fxg6+ Kxg6 36.Qf5+ Kh5
37.Ne2  1-0

[Event "Chigorin mem"]
[Site "St Petersburg"]
[Date "1995.??.??"]
[Round "9"]
[White "Klimov, Sergey"]
[Black "Faibisovich, Vadim Z"]
[Result "1/2-1/2"]
[WhiteElo "2260"]
[BlackElo "2455"]

1.d4 Nf6 2.c4 e6 3.Nf3 d5 4.Nc3 Be7 5.Bf4 O-O 6.e3 Nbd7 7.Rc1 c5 8.cxd5 Nxd5
9.Bg3 cxd4 10.exd4 N7f6 11.Bd3 Nxc3 12.bxc3 b6 13.O-O Bb7 14.Qe2 a6 15.Rfd1 b5
16.a4 Bxf3 17.Qxf3 Qd7 18.Rb1 b4  1/2-1/2

[Event "Stockholm"]
[Site "Stockholm"]
[Date "1995.??.??"]
[Round "10"]
[White "Chernin, Alexander"]
[Black "Ornstein, Axel"]
[Result "1-0"]
[WhiteElo "2600"]
[BlackElo "2450"]

1.d4 Nf6 2.c4 e6 3.Nf3 d5 4.Nc3 Be7 5.Bf4 O-O 6.e3 c5 7.dxc5 Bxc5 8.Qc2 dxc4
9.Bxc4 a6 10.Rd1 Nbd7 11.Ne5 Qa5 12.Bd3 b5 13.O-O h6 14.Ne4 Qb6 15.Nxd7 Nxd7
16.Nxc5 Qxc5 17.Bd6 Qxc2 18.Bxc2 Rd8 19.Be4 Ra7 20.Bb8  1-0

[Event "SWZ-chT"]
[Site "SWZ"]
[Date "1995.??.??"]
[Round "3"]
[White "Sherwin, James T"]
[Black "Uhlmann, Felix"]
[Result "1-0"]
[WhiteElo "2315"]
[BlackElo "2175"]

1.d4 e6 2.Nf3 d5 3.c4 Nf6 4.Nc3 Be7 5.Bf4 O-O 6.e3 c6 7.Qc2 Nbd7 8.cxd5 Nxd5
9.Nxd5 cxd5 10.Bd3 Bb4+ 11.Ke2 Nf6 12.Be5 h6 13.Rac1 Qe7 14.Qc7 Qxc7 15.Rxc7 Ba5
16.Rc2 Bd7 17.Bc7 Bxc7 18.Rxc7 Bc6 19.Ne5 Ne8 20.Re7 Nd6 21.Rc1 Be8 22.Rec7 f6
23.Ng6 Bxg6 24.Bxg6 Rac8 25.g4 b6 26.R1c6 e5 27.Rxc8 Nxc8 28.Rc7 exd4 29.exd4 Rd8
30.Kd3 Kf8 31.Bf5 Ne7 32.Rxa7 Nxf5 33.gxf5 Rd6 34.Rc7 Kg8 35.a4 Kf8 36.b4 Rd8
37.Kc3 Re8 38.a5 bxa5 39.bxa5 Re1 40.Kb4 Rb1+ 41.Kc5 Ra1 42.Kb6 Rb1+ 43.Kc6 Ra1
44.Ra7 Ra2 45.a6 Rxf2 46.Rb7  1-0

[Event "JUG-chT"]
[Site "Tivat"]
[Date "1995.??.??"]
[Round "10"]
[White "Goldin, Alexander"]
[Black "Beliavsky, Alexander G"]
[Result "1-0"]
[WhiteElo "2585"]
[BlackElo "2650"]

1.Nf3 d5 2.d4 Nf6 3.c4 e6 4.Nc3 Be7 5.Bf4 O-O 6.e3 c5 7.dxc5 Bxc5 8.a3 Nc6
9.Be2 a6 10.cxd5 exd5 11.O-O d4 12.Na4 Ba7 13.Nxd4 Bxd4 14.exd4 Nxd4 15.Bd3 Bg4
16.f3 Be6 17.Nc5 Qd5 18.Rc1 Rac8 19.Be4 Nxe4 20.fxe4 Qd8 21.Be3 Nb3 22.Nxe6 Qxd1
23.Rcxd1 fxe6 24.Rxf8+ Kxf8 25.Rd7 b5 26.Rd6 Rc2 27.Rxa6 Re2 28.Bf4 Rxe4
29.Bd6+ Kf7 30.Rb6 Nd4 31.Bc5 e5 32.Kf1 Rf4+ 33.Ke1 Re4+ 34.Kf1 Rf4+ 35.Ke1 Re4+
36.Kd1 Rg4 37.g3 h5 38.Bxd4 Rxd4+ 39.Ke2 Rc4 40.Kd3 h4 41.Rxb5 hxg3 42.hxg3 Rd4+
43.Ke3 Kf6 44.Rb4 Rd1 45.a4 Re1+ 46.Kd2 Ra1 47.b3 Ke6 48.Rg4 Kf6 49.Kc2 Ra2+
50.Kc3 g5 51.Re4 Ke6 52.g4 Kd5 53.Rb4 Ra1 54.Kb2 Rf1 55.a5 Kc5 56.Ra4 Rf2+
57.Kc3 Rf3+ 58.Kc2 Rf2+ 59.Kd1  1-0

[Event "FRA-chB"]
[Site "Toulouse"]
[Date "1995.??.??"]
[Round "2"]
[White "Gey, Marc Emile"]
[Black "Hell, Pascal"]
[Result "1-0"]
[WhiteElo "1840"]
[BlackElo "2185"]

1.d4 Nf6 2.Nf3 e6 3.c4 d5 4.Nc3 Be7 5.Bf4 O-O 6.e3 c6 7.cxd5 exd5 8.Bd3 Nbd7
9.O-O Re8 10.Qc2 Nf8 11.Rab1 Ne6 12.Ng5 Nxg5 13.Bxg5 h6 14.Bxf6 Bxf6 15.b4 b6
16.Na4 Qd6 17.b5 Bd7 18.bxc6 Bxc6 19.Nxb6 Rab8 20.Na4 Rec8 21.Nc5 Bd8 22.Bf5 Rxb1
23.Rxb1 Rb8 24.Rxb8 Qxb8 25.Nd7 Qb4 26.g3 Bb5 27.Qc1 g6 28.Bh3 Qa4 29.Ne5 Qxa2
30.Kg2 Qa6 31.Bd7 Bxd7 32.Nxd7 Qb7 33.Nc5 Qc6 34.Qa3 a5 35.Qa4 Qc7 36.Qe8+ Kg7
37.Nd7 a4 38.Qf8+ Kh7 39.Qxf7+ Kh8 40.Qe8+ Kh7 41.Nf8+  1-0

[Event "FRA-ch"]
[Site "Toulouse"]
[Date "1995.??.??"]
[Round "9"]
[White "Bauer, Christian"]
[Black "Marciano, David"]
[Result "0-1"]
[WhiteElo "2420"]
[BlackElo "2455"]

1.d4 d5 2.c4 e6 3.Nc3 Be7 4.Nf3 Nf6 5.Bf4 O-O 6.e3 c5 7.dxc5 Bxc5 8.Qc2 Qa5
9.O-O-O Nc6 10.a3 Be7 11.h4 a6 12.Ng5 Rd8 13.Kb1 h6 14.g4 b5 15.cxd5 exd5
16.Nxd5 Bxg4 17.Bg2 Bxd1 18.Qxc6 Nxd5 19.Bxd5 hxg5 20.hxg5 Rxd5 21.Qxd5 Rd8
22.Qe4 Bxa3 23.g6 Bxb2  0-1

[Event "SVK-ch"]
[Site "Trencin"]
[Date "1995.??.??"]
[Round "11"]
[White "Gavrilov, Alexei"]
[Black "Franzen, Josef"]
[Result "1-0"]
[WhiteElo "2405"]
[BlackElo "2320"]

1.d4 Nf6 2.c4 e6 3.Nf3 d5 4.Nc3 Be7 5.Bf4 O-O 6.e3 c5 7.dxc5 Bxc5 8.Be2 dxc4
9.Bxc4 Qxd1+ 10.Rxd1 a6 11.Be2 b5 12.Ne5 Bb7 13.O-O Ra7 14.a3 Nd5 15.Nxd5 Bxd5
16.Rd2 f6 17.Nd3 Be7 18.Bg3 Bc4 19.Nf4 Bxe2 20.Rxe2 Kf7 21.Rc2 Rd8 22.Rfc1 Rad7
23.f3 Rd1+ 24.Rxd1 Rxd1+ 25.Kf2 e5 26.Ne2 Nd7 27.Nc3 Rd6 28.Ne4 Rb6 29.Rc8 Ke6
30.Ke2 f5 31.Nd2 Kd6 32.e4 f4 33.Bf2 Rc6 34.Ra8 Kc7 35.Re8 Bf8 36.Kd3 Rg6
37.g4 Bc5 38.Bxc5 Nxc5+ 39.Kc3 Re6 40.Rg8 Re7 41.h4 h6 42.b4 Ne6 43.Nb3 Kb6
44.Kd3 Rd7+ 45.Ke2 Rc7 46.Re8 Rc2+ 47.Kd3 Rc6 48.Re7 Rd6+ 49.Ke2 Nd4+ 50.Nxd4 exd4
51.Rxg7 d3+ 52.Kd2 a5 53.h5 axb4 54.axb4 Rd4 55.Rg6+ Kc7 56.Rxh6 Rxb4 57.g5 Rd4
58.g6 b4 59.g7  1-0

[Event "Val Thorens op"]
[Site "Val Thorens"]
[Date "1995.??.??"]
[Round "?"]
[White "Sydor, Andrzej"]
[Black "Barsov, Alexei"]
[Result "0-1"]
[WhiteElo "2355"]
[BlackElo "2445"]

1.d4 Nf6 2.Nf3 d5 3.c4 e6 4.Nc3 Be7 5.Bf4 O-O 6.e3 c5 7.dxc5 Bxc5 8.cxd5 Nxd5
9.Nxd5 exd5 10.Bd3 Bb4+ 11.Ke2 Bg4 12.Qc2 g6 13.Rhd1 Nc6 14.Kf1 Bxf3 15.gxf3 Bd6
16.Bg3 Qf6 17.Be2 d4 18.exd4 Nxd4 19.Qc3 Bxg3 20.hxg3 Rfd8 21.Rac1 Kg7 22.Rd3 Rac8  0-1

[Event "CUB-ch sf"]
[Site "Villa Clara"]
[Date "1995.??.??"]
[Round "1"]
[White "Alvarez, Jose"]
[Black "Charon, Manuel"]
[Result "1-0"]
[WhiteElo "2390"]
[BlackElo "2215"]

1.d4 d5 2.c4 e6 3.Nf3 Nf6 4.Nc3 Be7 5.Bf4 O-O 6.e3 c6 7.Qc2 dxc4 8.Bxc4 Nd5
9.Bg3 Nxc3 10.Qxc3 Nd7 11.O-O b6 12.Rad1 Bb7 13.e4 Qc8 14.Rfe1 Re8 15.a3 Bf8
16.e5 Be7 17.Bf4 c5 18.d5 exd5 19.Bxd5 Bxd5 20.Rxd5 Nf8 21.Bg5 Ne6 22.Bxe7 Rxe7
23.Qd2 h6 24.Rd1 Re8 25.Rd6 Re7 26.h3 Qb7 27.Qc2 b5 28.R6d5 Rc8 29.Qd2 a6
30.Nh4 c4 31.Nf5 Rec7 32.Qe3 c3 33.bxc3 Rxc3 34.Qe4 R3c4 35.Qe3 Rc3 36.R1d3 Rxd3
37.Rxd3 Qc7 38.Qg3 Qc1+ 39.Kh2 Qf4 40.Ne7+ Kh7 41.Nxc8  1-0

[Event "Vinkovci"]
[Site "Vinkovci"]
[Date "1995.??.??"]
[Round "?"]
[White "Ftacnik, Lubomir"]
[Black "Rosandic, Denis"]
[Result "1/2-1/2"]
[WhiteElo "2605"]
[BlackElo "2385"]

1.Nf3 d5 2.d4 Nf6 3.c4 e6 4.Nc3 Be7 5.Bf4 O-O 6.e3 c5 7.dxc5 Bxc5 8.a3 Nc6
9.Qc2 Qa5 10.Rd1 Be7 11.Nd2 e5 12.Bg5 d4 13.Nb3 Qd8 14.Bxf6 Bxf6 15.Bd3 g6
16.Nd5 Bg7 17.exd4 exd4 18.O-O Be6 19.Nf4 Qd6 20.Nxe6 Qxe6 21.Be4 Rac8 22.Rfe1 Qd6
23.c5 Qf6 24.Nc1 b6 25.Nd3 bxc5 26.Qxc5 a6 27.Rc1 Ne5 28.Qxe5 Qxe5 29.Nxe5 Bxe5
30.Bd3 Bf4 31.Rcd1 a5 32.Ba6 Rc2 33.Rxd4 Bc1 34.b4 Bxa3 35.bxa5 Bc5 36.Rf4 Ra2
37.Bc4 Rxa5  1/2-1/2

[Event "Werfen op"]
[Site "Werfen"]
[Date "1995.??.??"]
[Round "3"]
[White "Herndl, Harald"]
[Black "Klovans, Janis"]
[Result "0-1"]
[WhiteElo "2350"]
[BlackElo "2485"]

1.d4 Nf6 2.c4 e6 3.Nf3 d5 4.Nc3 Be7 5.Bf4 O-O 6.e3 b6 7.cxd5 Nxd5 8.Nxd5 exd5
9.Bd3 c5 10.O-O Nc6 11.Ne5 Nxe5 12.Bxe5 c4 13.Bc2 Be6 14.Qh5 f5 15.f4 g6
16.Qh6 Rf7 17.Rf3 Bf8 18.Qh3 Bg7 19.Raf1 Qd7 20.Qh4 Qe7 21.Qe1 a5 22.h4 h5
23.Rg3 Kh7 24.Bxg7 Rxg7 25.Rg5 Kg8 26.Rf3 b5 27.Rfg3 Qf6 28.a3 Raa7 29.Bd1 Kh8
30.Bf3 Bg8 31.Qd1 Qe6 32.Kh2 b4 33.Qa4 b3 34.Qb5 a4 35.Qb4 Rab7 36.Qc3 Rbe7
37.Bd1 Bh7 38.Kg1 Rb7 39.Bf3 Rge7 40.Kf2 Rb8 41.Bd1 Qe4 42.Rf3 Qd3 43.Qxd3 cxd3
44.Ke1 Rc8 45.Rgg3 Rc1 46.Rf2 Rec7 47.Rd2 R7c2 48.Rf3 Rb1 49.Rf1 Rbxb2 50.Rxd3 Rc1  0-1

[Event "Sonnevanck-B"]
[Site "Wijk aan Zee"]
[Date "1995.??.??"]
[Round "9"]
[White "Bertholee, Rob"]
[Black "Peelen, Piet"]
[Result "1-0"]
[WhiteElo "2345"]
[BlackElo "2395"]

1.d4 Nf6 2.c4 e6 3.Nf3 d5 4.Nc3 Be7 5.Bf4 O-O 6.e3 c5 7.dxc5 Bxc5 8.Qc2 Nc6
9.O-O-O Qa5 10.a3 Be7 11.g4 dxc4 12.Bxc4 b5 13.Nxb5 e5 14.Nxe5 Nxe5 15.Bxe5 Bxg4
16.Bc7  1-0

[Event "Hoogovens op"]
[Site "Wijk aan Zee"]
[Date "1995.??.??"]
[Round "9"]
[White "Tregubov, Pavel V"]
[Black "Van der Sterren, Paul"]
[Result "1-0"]
[WhiteElo "2515"]
[BlackElo "2560"]

1.d4 d5 2.c4 e6 3.Nf3 Nf6 4.Nc3 Be7 5.Bf4 O-O 6.e3 c5 7.dxc5 Bxc5 8.Be2 dxc4
9.Bxc4 a6 10.Qe2 b5 11.Bd3 Bb7 12.O-O Nbd7 13.Rfd1 Qb6 14.Bg3 Be7 15.a4 b4
16.a5 Qd8 17.Nb1 Nh5 18.Nbd2 Nxg3 19.hxg3 Nc5 20.Nc4 Nxd3 21.Nb6 Be4 22.Ne1 Qe8
23.Nxd3 Rd8 24.Ne5 Bd6 25.Ned7 Rxd7 26.Nxd7 Qxd7 27.Qxa6 Rd8 28.Rd4 f5 29.Qb6 Bd5
30.a6 Rb8 31.Qa5 Qc6 32.Rdd1 Qc4 33.a7 Ra8 34.Qb6 Qe4 35.f3 Qe5 36.Ra6 Bf8
37.Ra5 Qd6 38.Qxd6 Bxd6 39.e4 fxe4 40.fxe4 Bc7 41.Rb5 Bc6 42.Rb8+ Kf7 43.Rd7+ Bxd7
44.Rxa8 Bb6+ 45.Kh2 Bc6 46.Rc8 Bxe4 47.a8=Q Bxa8 48.Rxa8 Bd4 49.b3 h5 50.Rb8 Bc3
51.Rb5 g6 52.g4 hxg4 53.Kg3 Kf6 54.Kxg4 Bd2 55.Kf3 Bc3 56.Ke4 e5 57.Rb6+ Kg5
58.Rc6 Bb2 59.Rc4 Bc3 60.Kd3 Be1 61.Ke2 Bc3 62.Rxc3 bxc3 63.b4 e4 64.b5 Kf4
65.b6  1-0

[Event "Wrexham"]
[Site "Wrexham"]
[Date "1995.??.??"]
[Round "4"]
[White "Pein, Malcolm"]
[Black "Martinovsky, Eugene"]
[Result "1/2-1/2"]
[WhiteElo "2435"]
[BlackElo "2305"]

1.d4 d5 2.c4 e6 3.Nc3 Nf6 4.Nf3 Be7 5.Bf4 O-O 6.e3 c6 7.Qc2 Nbd7 8.O-O-O Qa5
9.Kb1 Bb4 10.Nd2 Nh5 11.Bg3 f5 12.Bd3 Nxg3 13.hxg3 Nf6 14.Ne2 Bxd2 15.Rxd2 dxc4
16.Bxc4 Ne4 17.Rd3 Nxf2 18.Ra3 Qc7 19.Rf1 Ne4 20.g4 g6 21.Nf4 Qe7 22.gxf5 gxf5
23.g4 Kh8 24.Rh1 Qg7 25.Bxe6 Ng3 26.Rh4 Bxe6 27.Nxe6 Qe7 28.Qh2 Qxe6 29.Rxh7+ Kg8
30.Rh8+ Kf7 31.Rh7+ Kg8 32.Rh8+ Kf7 33.Rh7+ Kg8 34.Rh8+ Kf7  1/2-1/2

[Event "EU-ch U18"]
[Site "Zagan"]
[Date "1995.??.??"]
[Round "9"]
[White "Neumann, Peter"]
[Black "Pedersen, Nicolai Vesterbaek"]
[Result "1-0"]
[WhiteElo "2155"]
[BlackElo "2300"]

1.d4 d5 2.c4 e6 3.Nf3 Be7 4.Nc3 Nf6 5.Bf4 O-O 6.e3 b6 7.Bd3 Bb7 8.cxd5 exd5
9.O-O a6 10.Ne5 Nbd7 11.Qf3 Re8 12.Qh3 Nf8 13.f3 Ne6 14.g4 Bc8 15.Bg3 c5
16.Ne2 b5 17.Nc6 Qd7 18.Nxe7+ Qxe7 19.Be5 Ng5 20.Qg3 Nd7 21.Bf4 Ne6 22.Bd6 Qf6
23.Rad1 cxd4 24.exd4 Nxd4 25.Bxh7+ Kxh7 26.Nxd4 Ne5 27.Bxe5 Rxe5 28.Rfe1 Rxe1+
29.Qxe1 Bd7 30.Kg2 Re8 31.Qg3 Re3 32.Rd2 b4 33.Qf2 Re5 34.Ne2 Qe7 35.Ng3 g6
36.Qd4 Bb5 37.h4 a5 38.h5 Qe6 39.hxg6+ Kxg6 40.f4  1-0

[Event "Zagreb-ch"]
[Site "Zagreb"]
[Date "1995.??.??"]
[Round "?"]
[White "Bukal, Vladimir Jr"]
[Black "Jukic, Zdenko"]
[Result "1-0"]
[WhiteElo "2335"]
[BlackElo "2240"]

1.c4 e6 2.Nf3 d5 3.d4 Nf6 4.Nc3 Be7 5.Bf4 O-O 6.e3 c5 7.dxc5 dxc4 8.Qc2 Bxc5
9.Bxc4 a6 10.Rd1 Qa5 11.a3 Be7 12.O-O b5 13.Ba2 Bb7 14.Bb1 Rc8 15.Ng5 g6
16.Qb3 Qb6 17.e4 Nbd7 18.e5 Nd5 19.Nxd5 Bxd5 20.Qg3 Nf8 21.h4 h5 22.Ne4 Bxe4
23.Bxe4 Rab8 24.Be3 Bc5 25.Bg5 Qa7 26.Bf3 Nh7 27.Bh6 Bf8 28.Be3 Qe7 29.Bxh5 Rc4
30.f4 Re4 31.Bxg6 Rxe3 32.Bxh7+ Kxh7 33.Qxe3 Qc7 34.Qe4+ Kh8 35.f5  1-0

[Event "Zuerich op"]
[Site "Zuerich"]
[Date "1995.??.??"]
[Round "1"]
[White "Christen, Peter"]
[Black "Mottas, Christian"]
[Result "1-0"]
[WhiteElo "2235"]
[BlackElo "2190"]

1.d4 d5 2.Nf3 Nf6 3.c4 e6 4.Nc3 Be7 5.Bf4 O-O 6.e3 b6 7.cxd5 exd5 8.a3 c5
9.Nb5 Na6 10.Bd3 c4 11.Bc2 Bd7 12.Nc3 Bg4 13.h3 Bh5 14.g4 Bg6 15.Ba4 Nb8
16.Ne5 a6 17.h4 b5 18.Bc2 Bxc2 19.Qxc2 Nfd7 20.Nxd5 Nxe5 21.Nxe7+ Qxe7 22.dxe5 Nc6
23.Qe4 Na5 24.Bg3 Nb3 25.Rd1 Rad8 26.Ke2 Nc5 27.Qc6 Nd3 28.Qxa6 Qc5 29.Qa5 Rd5
30.Rd2 Rfd8 31.Rhd1 h6 32.Qc3 Qc8 33.f3 h5 34.e4 Rd4 35.Bf2 Rxe4+ 36.fxe4 Qxg4+
37.Kf1 Qxe4 38.Kg1 Rd5 39.Bg3 Qg4 40.Kh2 g5 41.Rf1 gxh4 42.Rg2 h3 43.Rgg1 Kf8
44.Qd2  1-0

[Event "Zuerich op"]
[Site "Zuerich"]
[Date "1995.??.??"]
[Round "6"]
[White "Pelletier, Yannick"]
[Black "Van der Sterren, Paul"]
[Result "1-0"]
[WhiteElo "2460"]
[BlackElo "2545"]

1.d4 Nf6 2.c4 e6 3.Nc3 d5 4.Nf3 Be7 5.Bf4 O-O 6.e3 c5 7.dxc5 Bxc5 8.a3 Nc6
9.Qc2 Qa5 10.O-O-O Be7 11.g4 dxc4 12.Bxc4 e5 13.g5 exf4 14.gxf6 Bxf6 15.Nd5 Ne7
16.Nxf6+ gxf6 17.Rhg1+ Kh8 18.Nd4 fxe3 19.fxe3 Bf5 20.Nxf5 Nxf5 21.Rd5 Qb6
22.Kb1 Qxe3 23.Rg4 Ng7 24.Rd3 Qe1+ 25.Ka2 f5 26.Rh3 Rac8 27.Rgh4 Qxh4 28.Rxh4 b5
29.Qg2 Rxc4 30.Rh6 Ne6 31.Qh3 Kg7 32.Rxh7+ Kf6 33.Rh5 Rf4 34.Qg3 Rg4 35.Qd3 Rf4
36.Rh6+ Kg5 37.Rh3 Rc8 38.Qd7 Rc7 39.Qe8 Kf6 40.Rh6+ Ke5 41.Qxb5+ Kd6 42.Rf6 Ke7
43.Rxf5 Rxf5 44.Qxf5 Rc5 45.Qf2 a5 46.b4 axb4 47.axb4 Re5 48.Ka3 Nf8 49.b5 Nd7
50.Kb4 Re6 51.Ka5 Kf8 52.Qd4 Ne5 53.Qc5+ Kg7 54.b6 Kg6 55.b7 Nc6+ 56.Kb5 Nb8
57.Qc7 Na6 58.Qg3+ Kf6 59.Qh4+  1-0

[Event "BRA-ch"]
[Site "Americana"]
[Date "1996.??.??"]
[Round "5"]
[White "Gomes, Luiz A"]
[Black "Toth, Christian Endre"]
[Result "0-1"]
[WhiteElo "2310"]
[BlackElo "2380"]

1.d4 Nf6 2.c4 e6 3.Nf3 d5 4.Nc3 Be7 5.Bf4 O-O 6.e3 c5 7.cxd5 Nxd5 8.Nxd5 Qxd5
9.Qb3 Qxb3 10.axb3 cxd4 11.Nxd4 Bb4+ 12.Ke2 Bd7 13.f3 Nc6 14.Nb5 a6 15.Nc3 e5
16.Bg3 Be6 17.Kf2 Bxb3 18.Bd3 Rad8 19.Ke2 f5 20.Rhc1 Rd6 21.Be1 g6 22.Bc2 Bc4+
23.Kf2 Rfd8 24.h3 Be6 25.Ra4 Bc5 26.Nd1 Bb6 27.Kg3 g5 28.Kh2 h6 29.Bc3 f4
30.exf4 exf4 31.Re4 Bd5 32.Re2 Nd4 33.Bxd4 Bxd4 34.Bf5 Bc6 35.Nc3 Be3 36.Rcc2 Kg7
37.Be4 R8d7 38.g3 b5 39.Bxc6 Rxc6 40.Ne4 Rdc7 41.Rxc6 Rxc6 42.Nc3 b4 43.Nd5 b3
44.Nxe3 fxe3 45.Kg2 Rc2 46.Kf1 a5 47.Rxe3 Rxb2 48.Ke1 a4 49.Kd1 Rb1+ 50.Kd2 a3  0-1